000 00453 a2200157 4500
005 20250626164401.0
020 _a13: 978-0-07-288120-2
082 _a303.3'2 HUG.
100 _aHUGHES, R.
245 _aLeadership, Enhancing the Lessons of Experience
250 _a5th Ed.
260 _aNew York,
_bMc Graw Hill Irwin,
_c2006.
300 _axvi.; 585p.; Ill.; picture,
_bReference,
_c24cm.
700 _aGINNETT, R. C. & CURPHY, J. G.
942 _2ddc
_cBKS
999 _c5451
_d5451